000 00372nam a2200145 i 4500
001 bg
100 1 _aNIKOLAEV, M. N.
245 0 _aAnizotropija uprugogo rassejanija nejtronov /
_cM.N. Nikolaev, N.O. Bazazjanc.
260 _aMoskva,
_c1972.
700 1 _aBAZAZJANC, N. O.
040 _cBPK
041 _apol
942 _cKS
008 s pl f |000 0 pol
999 _c15101
_d15101
856 _uhttp://koha.tu.koszalin.pl/cgi-bin/koha/opac-detail.pl?biblionumber=15101
_yKatalog online BPK